000 00802nam a2200253Ia 4500
005 20260414150020.0
008 210303s9999 xx 000 0 und d
016 _2reto2022b
020 _a9788123908915
040 _aNLN
_bEnglish
050 _aTL240
_b.H465
082 _a629.231
100 _aHEITNER, Joseph
_eaut
_947676
245 0 _aAutomotive mechanics ;
_bprinciples and practices /
_cJoseph Heitner
250 _a2nd.ed
260 _aNew Delhi, India :
_bCBS Publishers and Disrtibutors Private,
_c2004
300 _avii, 608p. :
_bill. ; 22cm.
563 _a(pbk)
650 _aAutomobiles
_vDesign and construction
_947677
650 _aAutomobiles
_vMaintainance and repair
_947678
650 _aMotor vehicles
_947679
650 _aTransportation, Automotive
_941795
942 _cBK
999 _c26013
_d26013